[Event "Kandidatklassen"]
[Site "Koge"]
[Date "2005.03.22"]
[Round "1"]
[White "Bromann, Thorbjorn"]
[Black "Meyer, Lars August"]
[Result "1-0"]
[WhiteElo "2354"]
[BlackElo "2240"]
[PlyCount "33"]
[EventDate "2005.??.??"]
[EventType "swiss"]
[EventRounds "7"]
[EventCountry "DEN"]

1. e4 d5 2. exd5 Nf6 3. d4 Bg4 4. f3 Bf5 5. Bb5+ Nbd7 6. c4 a6 7. Bxd7+ Qxd7 8.
Nc3 O-O-O 9. Bg5 h6 10. Bxf6 gxf6 11. Nge2 Rg8 12. O-O h5 13. c5 h4 14. c6 bxc6
15. Qa4 cxd5 16. Qxa6+ Kb8 17. Nb5 1-0

[Event "Kandidatklassen"]
[Site "Koge"]
[Date "2005.03.22"]
[Round "1"]
[White "Skjoldan, Benjamin"]
[Black "Brinck Claussen, Bjorn"]
[Result "0-1"]
[WhiteElo "2051"]
[BlackElo "2299"]
[PlyCount "98"]
[EventDate "2005.??.??"]
[EventType "swiss"]
[EventRounds "7"]
[EventCountry "DEN"]

1. d4 d5 2. c4 c6 3. g3 Nf6 4. Bg2 Bg4 5. Nf3 e6 6. O-O Nbd7 7. Qb3 Qb6 8. Nbd2
Qxb3 9. Nxb3 Bd6 10. Na5 Rb8 11. c5 Bc7 12. b4 O-O 13. Nb3 b6 14. cxb6 axb6 15.
Bf4 Bxf4 16. gxf4 Ne4 17. Rfc1 Rfc8 18. Rc2 Bxf3 19. Bxf3 Nd6 20. a4 f5 21. e3
Nc4 22. Be2 b5 23. axb5 cxb5 24. Ra7 Rd8 25. Rca2 Ndb6 26. Nc5 Re8 27. R2a6 Nd6
28. Rc7 Nbc8 29. Nd7 Re7 30. h4 Ne8 31. Nxb8 Nxc7 32. Ra5 Nd6 33. Ra7 Rf7 34.
Na6 Nce8 35. Ra8 Rf8 36. Rb8 Ne4 37. Bxb5 N8d6 38. Rxf8+ Kxf8 39. Bc6 Ke7 40.
b5 Nc8 41. Nc5 Nxc5 42. dxc5 Na7 43. Kf1 Nxc6 44. bxc6 Kd8 45. Ke2 Kc7 46. Kd3
Kxc6 47. Kd4 g6 48. f3 Kb5 49. e4 Kc6 0-1

[Event "Kandidatklassen"]
[Site "Koge"]
[Date "2005.03.22"]
[Round "1"]
[White "Kongsted, Halfdan Christian"]
[Black "Madsen, Poul Henrik"]
[Result "1-0"]
[WhiteElo "2265"]
[BlackElo "2035"]
[PlyCount "75"]
[EventDate "2005.??.??"]
[EventType "swiss"]
[EventRounds "7"]
[EventCountry "DEN"]

1. d4 d5 2. Nf3 c6 3. c4 e6 4. Nc3 f5 5. Bf4 Nf6 6. e3 Bd6 7. Bd3 O-O 8. O-O b6
9. cxd5 Bxf4 10. exf4 Nxd5 11. Qd2 Qd6 12. Ne5 Ba6 13. g3 Rd8 14. Rad1 Bb7 15.
Rfe1 Nxc3 16. Qxc3 Nd7 17. Bc4 Nf6 18. Qb3 Nd5 19. Nf3 h6 20. Re5 Bc8 21. Qc2
Bd7 22. Qe2 Re8 23. a3 b5 24. Ba2 b4 25. a4 Rab8 26. Bc4 Bc8 27. h3 Bd7 28. Bb3
a5 29. Rc1 Bc8 30. Qd2 Ba6 31. Rc5 Bc8 32. Rxa5 Kh8 33. Rc5 Nf6 34. Qc2 Bd7 35.
a5 Ne4 36. Rxe4 fxe4 37. Qxe4 Ra8 38. Bc2 1-0

[Event "Kandidatklassen"]
[Site "Koge"]
[Date "2005.03.22"]
[Round "1"]
[White "Damm, Kasper Wilken"]
[Black "Pedersen, Daniel Vesterbaek"]
[Result "0-1"]
[WhiteElo "2215"]
[BlackElo "2348"]
[PlyCount "48"]
[EventDate "2005.??.??"]
[EventType "swiss"]
[EventRounds "7"]
[EventCountry "DEN"]

1. c4 Nf6 2. e4 e5 3. Nc3 Bc5 4. g3 a5 5. Bg2 d6 6. Nge2 Nc6 7. O-O h5 8. Nb5
h4 9. d4 exd4 10. Nexd4 hxg3 11. hxg3 Bg4 12. Qa4 Qd7 13. Nxc6 bxc6 14. e5 Bf3
15. Nxc7+ Kf8 16. e6 Bxg2 17. Kxg2 Qxc7 18. Bg5 fxe6 19. b4 Bxb4 20. Bxf6 gxf6
21. Qc2 Qh7 22. Rh1 Qxc2 23. Rxh8+ Kg7 24. Rxa8 Bc5 0-1

[Event "Kandidatklassen"]
[Site "Koge"]
[Date "2005.03.22"]
[Round "1"]
[White "Holmsgaard, Henrik"]
[Black "Rossen, Claus"]
[Result "1/2-1/2"]
[WhiteElo "2319"]
[BlackElo "2197"]
[PlyCount "69"]
[EventDate "2005.??.??"]
[EventType "swiss"]
[EventRounds "7"]
[EventCountry "DEN"]

1. e4 e5 2. Bc4 Nf6 3. d3 d5 4. exd5 Nxd5 5. Nf3 Nc6 6. O-O Be7 7. Re1 Bg4 8.
h3 Bh5 9. g4 Bg6 10. Nxe5 Nxe5 11. Rxe5 c6 12. Qe1 Kf8 13. Bxd5 cxd5 14. Bd2
Bf6 15. Bb4+ Kg8 16. Be7 Bxe7 17. Rxe7 h5 18. g5 Be4 19. Qb4 Bf5 20. h4 b6 21.
Re5 Be6 22. Nc3 Qc7 23. Rae1 Kh7 24. Qf4 g6 25. Qf6 Rhf8 26. Ne2 Qxc2 27. Nf4
Qa4 28. Rxe6 fxe6 29. Qxg6+ Kh8 30. Qxh5+ Kg8 31. Qg6+ Kh8 32. Qh6+ Kg8 33.
Qg6+ Kh8 34. Qh6+ Kg8 35. Qxe6+ 1/2-1/2

[Event "Kandidatklassen"]
[Site "Koge"]
[Date "2005.03.22"]
[Round "1"]
[White "Christensen, Stefan"]
[Black "Ostergaard, Jens"]
[Result "1/2-1/2"]
[WhiteElo "2203"]
[BlackElo "2321"]
[PlyCount "35"]
[EventDate "2005.??.??"]
[EventType "swiss"]
[EventRounds "7"]
[EventCountry "DEN"]

1. e4 c6 2. d4 d5 3. Nc3 dxe4 4. Nxe4 Bf5 5. Ng3 Bg6 6. h4 h6 7. Nf3 Nd7 8. h5
Bh7 9. Bd3 Bxd3 10. Qxd3 Ngf6 11. Bd2 e6 12. O-O-O Be7 13. Kb1 O-O 14. Ne4 Nxe4
15. Qxe4 Nf6 16. Qe2 Qd5 17. Ne5 Qe4 18. Qxe4 1/2-1/2

[Event "Kandidatklassen"]
[Site "Koge"]
[Date "2005.03.22"]
[Round "1"]
[White "Matthiesen, Arne"]
[Black "Mikkelsen, Nikolaj"]
[Result "0-1"]
[WhiteElo "2334"]
[BlackElo "2211"]
[PlyCount "106"]
[EventDate "2005.??.??"]
[EventType "swiss"]
[EventRounds "7"]
[EventCountry "DEN"]

1. d4 e6 2. c4 b6 3. Nf3 Bb7 4. g3 Bb4+ 5. Bd2 Bxf3 6. exf3 Bxd2+ 7. Qxd2 d5 8.
Nc3 Nf6 9. O-O-O c6 10. h4 dxc4 11. Bxc4 b5 12. Be2 Nbd7 13. Kb1 Nb6 14. Ne4
O-O 15. Rc1 Rc8 16. Rc2 Nfd5 17. Rhc1 a5 18. Ka1 Nb4 19. Rc3 f5 20. Nc5 Qd5 21.
Ra3 e5 22. Rxa5 Qxd4 23. Qxd4 exd4 24. a3 N4d5 25. Bd3 Rf6 26. Nb3 Rd8 27. Ra6
Rfd6 28. Bxf5 Nc4 29. Rd1 Nde3 30. fxe3 dxe3 31. Be6+ Kf8 32. Rxd6 Rxd6 33.
Bxc4 bxc4 34. Ra8+ Kf7 35. Ra7+ Kf6 36. Nc5 e2 37. Ne4+ Ke5 38. Re7+ Re6 39.
f4+ Kd4 40. Rxe6 e1=Q+ 41. Ka2 Qh1 42. Re7 Qf3 43. Re5 Kd3 44. a4 Kc2 45. Nc3
Qxg3 46. Re4 Qxh4 47. Rxc4 Kd3 48. Rxc6 Qxf4 49. a5 h5 50. a6 h4 51. Rb6 h3 52.
Rb3 Qc4 53. a7 Kc2 0-1

[Event "Kandidatklassen"]
[Site "Koge"]
[Date "2005.03.22"]
[Round "1"]
[White "Andreasen, Per Naesby"]
[Black "Skovgaard, Peter Nicolai"]
[Result "1/2-1/2"]
[WhiteElo "2305"]
[BlackElo "2130"]
[PlyCount "32"]
[EventDate "2005.??.??"]
[EventType "swiss"]
[EventRounds "7"]
[EventCountry "DEN"]

1. Nf3 f5 2. b3 Nf6 3. Bb2 e6 4. g3 d5 5. c4 Bd6 6. Bg2 c5 7. cxd5 exd5 8. d4
Nc6 9. O-O O-O 10. Nc3 f4 11. Nb5 fxg3 12. hxg3 Be7 13. dxc5 Bxc5 14. Rc1 Ne4
15. Nc3 Nxg3 16. Nxd5 Nxf1 1/2-1/2

[Event "Kandidatklassen"]
[Site "Koge"]
[Date "2005.03.22"]
[Round "1"]
[White "Aabling Thomsen, Jakob"]
[Black "Glud, Jakob Vang"]
[Result "1/2-1/2"]
[WhiteElo "2135"]
[BlackElo "2311"]
[PlyCount "80"]
[EventDate "2005.??.??"]
[EventType "swiss"]
[EventRounds "7"]
[EventCountry "DEN"]

1. e4 c5 2. Nf3 e6 3. d4 cxd4 4. Nxd4 a6 5. Nc3 b5 6. Bd3 Qb6 7. Nf3 Nc6 8. O-O
Qb8 9. Re1 Bb7 10. e5 Nge7 11. Bf4 f5 12. Qd2 Qc8 13. Rad1 h6 14. h4 Ng6 15. h5
Nxf4 16. Qxf4 Bc5 17. g4 Ne7 18. gxf5 Nxf5 19. Bxf5 O-O 20. Nh4 exf5 21. Kh2
Rf7 22. Rg1 Be7 23. Nxf5 Bg5 24. Rxg5 hxg5 25. Qxg5 Qc6 26. Nd5 Qxc2 27. Rd2
Qc5 28. Nh6+ Kf8 29. Nxf7 Bxd5 30. h6 gxh6 31. Nxh6 Ke8 32. Ng4 Kf7 33. e6+
dxe6 34. Ne5+ Ke8 35. Qg6+ Ke7 36. Qg7+ Kd6 37. Nf7+ Kc7 38. Ne5+ Kd6 39. Nf7+
Kc7 40. Ne5+ Kd6 1/2-1/2

[Event "Kandidatklassen"]
[Site "Koge"]
[Date "2005.03.23"]
[Round "2"]
[White "Ostergaard, Jens"]
[Black "Aabling Thomsen, Jakob"]
[Result "1/2-1/2"]
[WhiteElo "2321"]
[BlackElo "2135"]
[PlyCount "95"]
[EventDate "2005.??.??"]
[EventType "swiss"]
[EventRounds "7"]
[EventCountry "DEN"]

1. c4 Nf6 2. d4 b6 3. Nf3 e6 4. g3 Ba6 5. Nbd2 Bb7 6. Bg2 c5 7. e4 d5 8. cxd5
exd5 9. e5 Nfd7 10. O-O Be7 11. Re1 O-O 12. Nf1 Na6 13. h4 Nc7 14. Ng5 h6 15.
Nh3 Ne6 16. Qg4 Kh8 17. dxc5 Ndxc5 18. Qh5 Nd3 19. Rd1 Nxc1 20. Raxc1 Rc8 21.
f4 Rxc1 22. Rxc1 Nc5 23. Rd1 Qc7 24. Bxd5 Bxd5 25. Rxd5 Na4 26. Qe2 Rd8 27.
Rxd8+ Qxd8 28. Kh2 Qd4 29. b3 Nc3 30. Qe3 Qxe3 31. Nxe3 Nxa2 32. Nd5 Bc5 33. f5
Nb4 34. Nhf4 Nxd5 35. Nxd5 a5 36. Kg2 Kg8 37. Kf3 Kf8 38. g4 Ke8 39. e6 fxe6
40. Nc7+ Kf7 41. Nxe6 Be7 42. g5 hxg5 43. hxg5 b5 44. Nd4 a4 45. f6 axb3 46.
Nxb3 gxf6 47. gxf6 Bxf6 48. Ke4 1/2-1/2

[Event "Kandidatklassen"]
[Site "Koge"]
[Date "2005.03.23"]
[Round "2"]
[White "Rossen, Claus"]
[Black "Matthiesen, Arne"]
[Result "0-1"]
[WhiteElo "2197"]
[BlackElo "2334"]
[PlyCount "84"]
[EventDate "2005.??.??"]
[EventType "swiss"]
[EventRounds "7"]
[EventCountry "DEN"]

1. d4 d5 2. Nf3 Nf6 3. c4 c6 4. Qc2 dxc4 5. Qxc4 Bg4 6. Nbd2 g6 7. g3 Bg7 8.
Bg2 O-O 9. O-O Na6 10. Rd1 Nd5 11. h3 Nb6 12. Qc2 Be6 13. a3 Qc8 14. Kh2 c5 15.
Nb3 cxd4 16. Qxc8 Bxc8 17. Nbxd4 Nc5 18. Bd2 Ne4 19. Ba5 Nc4 20. Be1 Nxb2 21.
Rdc1 Na4 22. Rab1 Rd8 23. Nb5 Bf5 24. Rb4 Nac5 25. Nh4 a5 26. Rbb1 b6 27. Nxf5
gxf5 28. Rc2 Rd7 29. f3 Nf6 30. Bf2 Rad8 31. Bxc5 bxc5 32. Rxc5 Rd2 33. Bf1 Nd5
34. Rb3 f4 35. gxf4 Bh6 36. Rd3 Bxf4+ 37. Kh1 Ne3 38. Rxd8+ Rxd8 39. Rc1 Rd2
40. Kg1 Nxf1 41. Kxf1 Rb2 42. Nd4 Bxc1 0-1

[Event "Kandidatklassen"]
[Site "Koge"]
[Date "2005.03.23"]
[Round "2"]
[White "Pedersen, Daniel Vesterbaek"]
[Black "Kongsted, Halfdan Christian"]
[Result "1-0"]
[WhiteElo "2348"]
[BlackElo "2265"]
[PlyCount "57"]
[EventDate "2005.??.??"]
[EventType "swiss"]
[EventRounds "7"]
[EventCountry "DEN"]

1. d4 Nf6 2. c4 e6 3. Nc3 Bb4 4. Qc2 c5 5. dxc5 O-O 6. a3 Bxc5 7. Nf3 Qc7 8.
Bg5 Be7 9. e3 d6 10. Be2 a6 11. O-O Nbd7 12. Rac1 b6 13. Ne4 Bb7 14. Nxf6+ Nxf6
15. Nd2 Rac8 16. Qb1 Qb8 17. Bf3 Bxf3 18. Nxf3 h6 19. Bh4 Qb7 20. h3 Rc7 21.
Rfd1 Rfc8 22. Nd2 d5 23. cxd5 Rxc1 24. Rxc1 Nxd5 25. Bxe7 Nxe7 26. e4 Kf8 27.
Nc4 Qc7 28. Ne5 b5 29. Nd7+ 1-0

[Event "Kandidatklassen"]
[Site "Koge"]
[Date "2005.03.23"]
[Round "2"]
[White "Mikkelsen, Nikolaj"]
[Black "Holmsgaard, Henrik"]
[Result "0-1"]
[WhiteElo "2211"]
[BlackElo "2319"]
[PlyCount "108"]
[EventDate "2005.??.??"]
[EventType "swiss"]
[EventRounds "7"]
[EventCountry "DEN"]

1. e4 c5 2. Nf3 Nc6 3. d4 cxd4 4. Nxd4 Nf6 5. Nc3 e5 6. Ndb5 d6 7. Bg5 a6 8.
Na3 b5 9. Bxf6 gxf6 10. Nd5 Bg7 11. c3 f5 12. exf5 Bxf5 13. Nc2 Be6 14. g3 O-O
15. Bg2 a5 16. O-O Rb8 17. Qe2 f5 18. Rad1 Qd7 19. f4 Qf7 20. Nde3 Ne7 21. Rxd6
exf4 22. Rxf4 Be5 23. Nxf5 Bxf4 24. Nxe7+ Qxe7 25. Rxe6 Qc5+ 26. Kh1 Bc1 27.
Nd4 Qg5 28. Re4 Qf6 29. h4 b4 30. c4 Kh8 31. Ne6 Rg8 32. Kh2 Qxb2 33. Qh5 Qf6
34. Re1 Bh6 35. g4 Qg6 36. Qe5+ Bg7 37. Qd5 Qxg4 38. Re4 Qg6 39. Ng5 Rgf8 40.
Re6 Qf5 41. Qxf5 Rxf5 42. Be4 Rf2+ 43. Kg3 Rxa2 44. c5 Ra3+ 45. Kg4 Rc3 46. Rb6
Rxb6 47. cxb6 Bd4 48. b7 Ba7 49. Nf7+ Kg7 50. Nd8 Bb8 51. Nc6 Bh2 52. Kf5 Rc5+
53. Ke6 b3 54. Kd7 b2 0-1

[Event "Kandidatklassen"]
[Site "Koge"]
[Date "2005.03.23"]
[Round "2"]
[White "Madsen, Poul Henrik"]
[Black "Damm, Kasper Wilken"]
[Result "0-1"]
[WhiteElo "2035"]
[BlackElo "2215"]
[PlyCount "78"]
[EventDate "2005.??.??"]
[EventType "swiss"]
[EventRounds "7"]
[EventCountry "DEN"]

1. d4 Nf6 2. Nf3 g6 3. e3 Bg7 4. Bd3 d6 5. O-O O-O 6. c3 Nbd7 7. Nbd2 e5 8. Qb3
Qe8 9. e4 Nh5 10. Re1 Nf4 11. Bf1 Ne6 12. d5 Nf4 13. Nc4 Nh5 14. Qc2 Kh8 15. b4
Nb6 16. Ne3 a5 17. Bd2 f5 18. exf5 gxf5 19. bxa5 Na4 20. Ng5 Nc5 21. g4 Qg6 22.
Ng2 fxg4 23. Qxg6 hxg6 24. Nh4 Bf5 25. Be3 Bf6 26. Be2 Nf4 27. Nxf5 gxf5 28.
Bxc5 Bxg5 29. Be3 Nxe2+ 30. Rxe2 f4 31. Bd2 f3 32. Bxg5 fxe2 33. Re1 Rf5 34.
Be7 Rxa5 35. Rxe2 Rxd5 36. Kg2 Rd3 37. a4 Kg7 38. Re4 Rf4 39. Re3 Rxe3 0-1

[Event "Kandidatklassen"]
[Site "Koge"]
[Date "2005.03.23"]
[Round "2"]
[White "Glud, Jakob Vang"]
[Black "Skovgaard, Peter Nicolai"]
[Result "1-0"]
[WhiteElo "2311"]
[BlackElo "2130"]
[PlyCount "111"]
[EventDate "2005.??.??"]
[EventType "swiss"]
[EventRounds "7"]
[EventCountry "DEN"]

1. c4 c5 2. g3 Nc6 3. Bg2 g6 4. Nc3 Bg7 5. a3 a5 6. Nf3 d6 7. O-O e5 8. d3 Nge7
9. Ne1 O-O 10. Nc2 f5 11. Ne3 f4 12. Ned5 Nxd5 13. Nxd5 Bg4 14. gxf4 exf4 15.
f3 Bd7 16. Bxf4 Be6 17. Qd2 Bxd5 18. cxd5 Nd4 19. Rae1 Nb3 20. Qc2 Nd4 21. Qc1
Nb3 22. Qc4 Bd4+ 23. e3 Nd2 24. Qc1 Nxf1 25. exd4 Qf6 26. Bh6 Qxd4+ 27. Kxf1
Qxd3+ 28. Kf2 Rfe8 29. Qc3 Qxc3 30. bxc3 Rxe1 31. Kxe1 Re8+ 32. Kd2 Re5 33. c4
Rf5 34. Ke3 Kf7 35. Bf4 Ke7 36. Bh3 Rf8 37. Bg5+ Ke8 38. Be6 h5 39. Bh6 Rh8 40.
Bg7 Rh7 41. Bf6 a4 42. Kf4 b5 43. cxb5 Rb7 44. Kg5 Rxb5 45. Kxg6 c4 46. f4 Rb3
47. f5 Rxa3 48. Bg7 Rf3 49. f6 a3 50. f7+ Ke7 51. Bf5 Rxf5 52. Kxf5 Kxf7 53.
Ba1 h4 54. Kg4 Kg6 55. h3 a2 56. Bd4 1-0

[Event "Kandidatklassen"]
[Site "Koge"]
[Date "2005.03.23"]
[Round "2"]
[White "Christensen, Stefan"]
[Black "Andreasen, Per Naesby"]
[Result "1/2-1/2"]
[WhiteElo "2203"]
[BlackElo "2305"]
[PlyCount "43"]
[EventDate "2005.??.??"]
[EventType "swiss"]
[EventRounds "7"]
[EventCountry "DEN"]

1. e4 b6 2. d4 Bb7 3. Nc3 e6 4. Nf3 Nf6 5. e5 Nd5 6. Nxd5 Bxd5 7. Bd3 c5 8.
dxc5 Bxc5 9. O-O Be7 10. Bf4 Bb7 11. Qe2 Nc6 12. c3 h6 13. Rad1 Qc7 14. Rfe1
O-O-O 15. Nd4 Qb8 16. a4 f5 17. exf6 Nxd4 18. Bxb8 Nxe2+ 19. Rxe2 gxf6 20. Bg3
Rhg8 21. Be4 h5 22. Bxb7+ 1/2-1/2

[Event "Kandidatklassen"]
[Site "Koge"]
[Date "2005.03.23"]
[Round "2"]
[White "Brinck Claussen, Bjorn"]
[Black "Bromann, Thorbjorn"]
[Result "1/2-1/2"]
[WhiteElo "2299"]
[BlackElo "2354"]
[PlyCount "23"]
[EventDate "2005.??.??"]
[EventType "swiss"]
[EventRounds "7"]
[EventCountry "DEN"]

1. e4 e6 2. d4 d5 3. Nc3 dxe4 4. Nxe4 Nd7 5. Nf3 Ngf6 6. Bd3 Nxe4 7. Bxe4 Nf6
8. Bd3 c5 9. O-O cxd4 10. Bb5+ Bd7 11. Bxd7+ Qxd7 12. Qxd4 1/2-1/2

[Event "Kandidatklassen"]
[Site "Koge"]
[Date "2005.03.24"]
[Round "3"]
[White "Damm, Kasper Wilken"]
[Black "Ostergaard, Jens"]
[Result "1/2-1/2"]
[WhiteElo "2215"]
[BlackElo "2321"]
[PlyCount "102"]
[EventDate "2005.??.??"]
[EventType "swiss"]
[EventRounds "7"]
[EventCountry "DEN"]

1. e4 c5 2. Nf3 Nc6 3. d4 cxd4 4. Nxd4 g6 5. c4 Bg7 6. Be3 Nf6 7. Nc3 d6 8. Be2
O-O 9. O-O Nxd4 10. Bxd4 Bd7 11. b4 Ne8 12. Rc1 Be6 13. Be3 Nc7 14. Qc2 a5 15.
bxa5 Rxa5 16. Bb6 Bxc3 17. Qxc3 Rxa2 18. Qe3 Qd7 19. c5 Na8 20. Bc4 Bxc4 21.
Rxc4 Qb5 22. Rc3 Nxb6 23. cxb6 Rb2 24. Rc7 Qxb6 25. Qxb6 Rxb6 26. Rxe7 Rc8 27.
e5 dxe5 28. Rxe5 Rc2 29. g3 Rbb2 30. Re3 b5 31. Rf3 b4 32. Rd1 Rc7 33. Rd8+ Kg7
34. Rb8 g5 35. Rb5 h6 36. Kg2 Rb1 37. Rd3 Rb2 38. h3 Rc6 39. Rf3 f6 40. g4 Kg6
41. h4 gxh4 42. Rf4 b3 43. Rf3 Rd2 44. Rbxb3 Rd4 45. Kh3 Rcc4 46. Rb5 Rf4 47.
Rf5 Rxf3+ 48. Rxf3 h5 49. gxh5+ Kg5 50. h6 Rc7 51. Rb3 Kxh6 1/2-1/2

[Event "Kandidatklassen"]
[Site "Koge"]
[Date "2005.03.24"]
[Round "3"]
[White "Aabling Thomsen, Jakob"]
[Black "Meyer, Lars August"]
[Result "0-1"]
[WhiteElo "2135"]
[BlackElo "2240"]
[PlyCount "104"]
[EventDate "2005.??.??"]
[EventType "swiss"]
[EventRounds "7"]
[EventCountry "DEN"]

1. e4 d5 2. exd5 Nf6 3. d4 Bg4 4. f3 Bf5 5. Bb5+ Nbd7 6. c4 a6 7. Bxd7+ Qxd7 8.
Nc3 e6 9. dxe6 Bxe6 10. d5 Bf5 11. Be3 O-O-O 12. Nge2 Bb4 13. O-O Qe7 14. Bd4
Bc5 15. Re1 Rhe8 16. Qd2 Bg6 17. Kh1 Nd7 18. Ng3 Qh4 19. Bxc5 Nxc5 20. Rxe8
Rxe8 21. Re1 Rxe1+ 22. Qxe1 Kd7 23. Nce4 Bxe4 24. fxe4 Qf4 25. b3 Nd3 26. Qe2
Nc1 27. Qf3 Qxf3 28. gxf3 g6 29. e5 Nd3 30. f4 Nxf4 31. Ne4 Nd3 32. Nf6+ Ke7
33. Nxh7 Nxe5 34. Ng5 Nd3 35. Ne4 f5 36. Nc3 Kf6 37. Kg2 g5 38. Kf3 Ne5+ 39.
Kf2 Nd3+ 40. Kf3 Ke5 41. Ke3 Nf4 42. Na4 b6 43. Nb2 g4 44. Na4 Ng6 45. Nb2 f4+
46. Ke2 Kd4 47. Nd3 a5 48. Nf2 Ne5 49. h4 g3 50. Nh3 f3+ 51. Kf1 Ng4 52. h5 Ke3
0-1

[Event "Kandidatklassen"]
[Site "Koge"]
[Date "2005.03.24"]
[Round "3"]
[White "Skovgaard, Peter Nicolai"]
[Black "Rossen, Claus"]
[Result "1/2-1/2"]
[WhiteElo "2130"]
[BlackElo "2197"]
[PlyCount "77"]
[EventDate "2005.??.??"]
[EventType "swiss"]
[EventRounds "7"]
[EventCountry "DEN"]

1. e4 e5 2. Nf3 Nf6 3. Nc3 Bb4 4. Nxe5 Qe7 5. Nd3 Bxc3 6. dxc3 Qxe4+ 7. Be2 O-O
8. O-O d6 9. Bf3 Qh4 10. g3 Qh3 11. Nf4 Qf5 12. Re1 Nc6 13. Bg2 Qa5 14. a4 Ne5
15. Nh5 Nxh5 16. Qxh5 Nc6 17. Qxa5 Nxa5 18. Re7 Bf5 19. Rxc7 Rac8 20. Rxc8 Rxc8
21. Bf4 Bxc2 22. Bxd6 Re8 23. Rc1 Bxa4 24. f4 Nc4 25. Be5 Nxe5 26. fxe5 Bc6 27.
Bxc6 bxc6 28. Rd1 Kf8 29. Rd6 Rxe5 30. Rxc6 Rb5 31. b4 a5 32. bxa5 Rxa5 33. Rc7
h5 34. c4 g5 35. h4 Ra1+ 36. Kf2 Ra2+ 37. Kf3 Ra3+ 38. Kg2 Ra2+ 39. Kf3 1/2-1/2

[Event "Kandidatklassen"]
[Site "Koge"]
[Date "2005.03.24"]
[Round "3"]
[White "Skjoldan, Benjamin"]
[Black "Madsen, Poul Henrik"]
[Result "1-0"]
[WhiteElo "2051"]
[BlackElo "2035"]
[PlyCount "73"]
[EventDate "2005.??.??"]
[EventType "swiss"]
[EventRounds "7"]
[EventCountry "DEN"]

1. c4 e5 2. Nc3 Nc6 3. g3 d6 4. Bg2 h5 5. h4 Be7 6. Nd5 Be6 7. d3 Qd7 8. Bd2
Nf6 9. e3 Bg4 10. Qc2 Nd8 11. Nxe7 Qxe7 12. Nf3 Ne6 13. Nh2 O-O-O 14. Nxg4 hxg4
15. O-O-O d5 16. cxd5 Nxd5 17. Qa4 Qc5+ 18. Kb1 f5 19. Qb3 f4 20. d4 exd4 21.
e4 f3 22. Bf1 Nc3+ 23. bxc3 dxc3 24. Be3 Rxd1+ 25. Qxd1 Qb4+ 26. Qb3 Qxe4+ 27.
Kc1 Rd8 28. Bc4 Nd4 29. Qxc3 Ne2+ 30. Bxe2 fxe2 31. Re1 Rd6 32. Kb2 Rd1 33. Bc1
Rd3 34. Qc5 b6 35. Qf8+ Kb7 36. Qf4 Qe7 37. Be3 1-0

[Event "Kandidatklassen"]
[Site "Koge"]
[Date "2005.03.24"]
[Round "3"]
[White "Kongsted, Halfdan Christian"]
[Black "Christensen, Stefan"]
[Result "1/2-1/2"]
[WhiteElo "2265"]
[BlackElo "2203"]
[PlyCount "156"]
[EventDate "2005.??.??"]
[EventType "swiss"]
[EventRounds "7"]
[EventCountry "DEN"]

1. d4 Nf6 2. Nf3 e6 3. c4 b6 4. a3 Bb7 5. Nc3 d5 6. cxd5 Nxd5 7. Qc2 Nxc3 8.
bxc3 Be7 9. e4 O-O 10. Bd3 c5 11. O-O Qc8 12. Qa2 Rd8 13. Rd1 Ba6 14. Bxa6 Nxa6
15. Qe2 cxd4 16. cxd4 Qb7 17. Bb2 Nc7 18. h4 Bf6 19. h5 h6 20. Nh2 Ne8 21. Rd3
Qa6 22. Re1 Qa4 23. e5 Bg5 24. Rf1 Rac8 25. f4 Be7 26. f5 exf5 27. Qf3 Qd7 28.
d5 Rc2 29. Ba1 Bc5+ 30. Kh1 Nc7 31. Rfd1 Rf2 32. Qh3 Ra2 33. Nf1 Nb5 34. e6 Qe7
35. Qxf5 Nd6 36. Qg4 Qg5 37. Rg3 Qxg4 38. Rxg4 Nf5 39. Ng3 Nxg3+ 40. Rxg3 Rxa1
41. Rxa1 Rxd5 42. exf7+ Kxf7 43. Rh3 Kf6 44. Rf1+ Ke6 45. Re1+ Kd6 46. Kh2 Bd4
47. Re8 Be5+ 48. Kg1 Kd7 49. Ra8 Ra5 50. Rf8 Ke7 51. Rff3 Ra4 52. Kf1 Rc4 53.
Rd3 Ke6 54. Ke2 b5 55. Rh1 a5 56. Rd8 b4 57. Re8+ Kd5 58. Ra8 Rc2+ 59. Kd1 Rc5
60. axb4 axb4 61. Rd8+ Kc4 62. Rh4+ Kb3 63. Rd3+ Bc3 64. Rhh3 Re5 65. Rde3 Ra5
66. g4 Ra1+ 67. Ke2 Re1+ 68. Kd3 Rd1+ 69. Ke4 Kc2 70. Kf5 Bd4 71. Re2+ Rd2 72.
Rxd2+ Kxd2 73. g5 hxg5 74. Kxg5 Bc3 75. h6 gxh6+ 76. Rxh6 b3 77. Rb6 Kc2 78.
Rxb3 Kxb3 1/2-1/2

[Event "Kandidatklassen"]
[Site "Koge"]
[Date "2005.03.24"]
[Round "3"]
[White "Holmsgaard, Henrik"]
[Black "Pedersen, Daniel Vesterbaek"]
[Result "1/2-1/2"]
[WhiteElo "2319"]
[BlackElo "2348"]
[PlyCount "66"]
[EventDate "2005.??.??"]
[EventType "swiss"]
[EventRounds "7"]
[EventCountry "DEN"]

1. e4 e5 2. Bc4 Nf6 3. d3 Nc6 4. Nc3 Na5 5. Qf3 h6 6. Nge2 g6 7. a4 Nxc4 8.
dxc4 a5 9. b3 b6 10. Bb2 Bg7 11. O-O-O d6 12. h3 Bb7 13. g4 Qd7 14. Ng3 O-O-O
15. Qe2 h5 16. f3 Bh6+ 17. Kb1 Bf4 18. Qf2 Rh7 19. Nge2 g5 20. Nxf4 gxf4 21.
Rhg1 hxg4 22. hxg4 Rdh8 23. Nb5 Qe6 24. Ba3 Nd7 25. Rg2 Nc5 26. Bxc5 dxc5 27.
Rd3 f6 28. Kb2 Kb8 29. Qd2 Qe7 30. Qc3 Bc6 31. Rgd2 Rh2 32. Rxh2 Rxh2 33. Rd2
Rxd2 1/2-1/2

[Event "Kandidatklassen"]
[Site "Koge"]
[Date "2005.03.24"]
[Round "3"]
[White "Bromann, Thorbjorn"]
[Black "Matthiesen, Arne"]
[Result "1/2-1/2"]
[WhiteElo "2354"]
[BlackElo "2334"]
[PlyCount "31"]
[EventDate "2005.??.??"]
[EventType "swiss"]
[EventRounds "7"]
[EventCountry "DEN"]

1. e4 e6 2. d4 d5 3. Nc3 dxe4 4. Nxe4 Nd7 5. Bd3 Ngf6 6. Qe2 c5 7. Nxf6+ Nxf6
8. dxc5 Bxc5 9. Bg5 O-O 10. O-O-O Qc7 11. Kb1 Nd5 12. Nh3 b5 13. Bc1 b4 14. Ng5
h6 15. Ne4 Be7 16. g4 1/2-1/2

[Event "Kandidatklassen"]
[Site "Koge"]
[Date "2005.03.24"]
[Round "3"]
[White "Brinck Claussen, Bjorn"]
[Black "Glud, Jakob Vang"]
[Result "1-0"]
[WhiteElo "2299"]
[BlackElo "2311"]
[PlyCount "99"]
[EventDate "2005.??.??"]
[EventType "swiss"]
[EventRounds "7"]
[EventCountry "DEN"]

1. e4 c5 2. Nf3 e6 3. d4 cxd4 4. Nxd4 a6 5. Nc3 b5 6. Bd3 Qb6 7. Nb3 Qc7 8. O-O
Bb7 9. f4 Nf6 10. Qe2 d6 11. Bd2 Nbd7 12. Rae1 Be7 13. Kh1 h5 14. e5 dxe5 15.
fxe5 Ng4 16. Bf4 Bh4 17. Be4 Bxe1 18. Rxe1 b4 19. Bxb7 Qxb7 20. Nd1 Qb5 21. Qe4
Rc8 22. Nd4 Qd5 23. Qxd5 exd5 24. h3 Nh6 25. Ne3 Nb6 26. Bxh6 gxh6 27. Nef5 Kd7
28. e6+ fxe6 29. Rxe6 Kc7 30. Rc6+ Kb7 31. Nd6+ Ka7 32. Nxc8+ Nxc8 33. Rf6 Kb7
34. Nc6 Nb6 35. Nxb4 Rh7 36. Kg1 d4 37. Rd6 Nc4 38. Rxd4 Nxb2 39. Nd3 Nxd3 40.
cxd3 Kc6 41. Rh4 Kd5 42. Rxh5+ Kd4 43. Kh2 Kxd3 44. g4 Ke3 45. Kg3 Ke4 46. Ra5
Ra7 47. Kh4 Kf4 48. Rf5+ Ke4 49. Kh5 Ra8 50. Rf6 1-0

[Event "Kandidatklassen"]
[Site "Koge"]
[Date "2005.03.24"]
[Round "3"]
[White "Andreasen, Per Naesby"]
[Black "Mikkelsen, Nikolaj"]
[Result "1-0"]
[WhiteElo "2305"]
[BlackElo "2211"]
[PlyCount "47"]
[EventDate "2005.??.??"]
[EventType "swiss"]
[EventRounds "7"]
[EventCountry "DEN"]

1. Nf3 b6 2. d4 Bb7 3. c4 e6 4. a3 f5 5. Nc3 Nf6 6. d5 Bd6 7. g3 O-O 8. Bg2 Na6
9. b4 c6 10. dxc6 dxc6 11. O-O Qe7 12. Qc2 Nb8 13. e4 Nbd7 14. exf5 exf5 15.
Nd4 Be5 16. Nxf5 Qe6 17. Ne3 Bxc3 18. Qxc3 Ne4 19. Qc2 Rae8 20. Bb2 Nxf2 21.
Qc3 Rf7 22. Rae1 Ne4 23. Bxe4 Rxf1+ 24. Nxf1 1-0